| 000 | 00700nam a2200169Ia 4500 | ||
|---|---|---|---|
| 008 | 090201s9999 xx 000 0 und d | ||
| 010 | _aKPL-15541 | ||
| 040 | _bमराठी | ||
| 041 | _aमराठी | ||
| 082 |
_a37580 _b15541 |
||
| 100 | _aश्री. राम व सौ. छाया कोलारकर | ||
| 245 |
_aसर्वोत्कृष्ट मराठी कथा ( खंड 9 ) _cश्री. राम व सौ. छाया कोलारकर |
||
| 260 |
_c2004 _bसौ. छाया कोलारकर |
||
| 300 |
_a151 _bमोठा |
||
| 600 | _aसर्वोत्कृष्ट मराठी कथा ( खंड 9 ) | ||
| 942 | _cBOOK | ||
| 999 |
_c235297 _d235297 |
||